| 000 | 00000nam 2200000zi 4500 |
| 001 | 9.914357 |
| 003 | CaOODSP |
| 005 | 20230505084850 |
| 006 | m o d f |
| 007 | cr cn||||||||| |
| 008 | 220812s2022 onc o f00| 0 eng d |
| 020 | |a9780660413495 |
| 040 | |aCaOODSP|beng|erda|cCaOODSP |
| 043 | |an-cn--- |
| 086 | 1 |aCi4-238/2022E-PDF |
| 245 | 00|aForeign Service Development Program : |bglobal reach, human impact. |
| 264 | 1|a[Ottawa] : |bImmigration, Refugees and Citizenship Canada = Immigration, Réfugiés et Citoyenneté Canada, |c2022. |
| 300 | |a1 online resource (1 page) |
| 336 | |atext|btxt|2rdacontent |
| 337 | |acomputer|bc|2rdamedia |
| 338 | |aonline resource|bcr|2rdacarrier |
| 500 | |aIssued also in French under title: Programme de perfectionnement du service de l'extérieur : une portée mondiale, à dimension humaine. |
| 610 | 20|aEmployment in foreign countries|zCanada. |
| 650 | 0|aEmployees|xRecruiting|zCanada. |
| 710 | 1 |aCanada. |bImmigration, Refugees and Citizenship Canada, |eissuing body. |
| 775 | 08|tProgramme de perfectionnement du service de l'extérieur : |w(CaOODSP)9.914358 |
| 856 | 40|qPDF|s2.53 MB|uhttps://publications.gc.ca/collections/collection_2023/ircc/Ci4-238-2022-eng.pdf |